000 00558nam a2200205Ia 4500
003 GCL
008 140319s9999 xx 000 0 ara d
040 _aGCL /
_cGCL
082 0 4 _a414
_bم ع
100 1 _aمحمد ربيع
245 1 0 _aعلوم البلاغة العربية /
_cمحمد ربيع
260 _a[S.N] :
_bدار الفلسفة ،
_c1991
300 _a184 ص
490 _a
650 0 4 _aاللغة العربية
650 0 4 _aالبلاغة العربية
650 0 4 _aالبديع
650 0 4 _aالبيان
942 _2ddc
_cBK
999 _c27618
_d27618